|
|
|
|
| LEADER |
01069naa a2200277 i 4500 |
| 001 |
acta73014 |
| 005 |
20230301155915.0 |
| 008 |
210714s2018 hu o 1|| eng d |
| 020 |
|
|
|a 978-963-306-589-1
|
| 040 |
|
|
|a SZTE Egyetemi Kiadványok Repozitórium
|b hun
|
| 041 |
|
|
|a eng
|
| 100 |
1 |
|
|a Mikó Edit
|
| 245 |
1 |
4 |
|a The effect of milking technology on the behaviour pattern of dairy cows
|h [elektronikus dokumentum] /
|c Mikó Edit
|
| 260 |
|
|
|c 2018
|
| 300 |
|
|
|a 68
|
| 490 |
0 |
|
|a Wellmann International Scientific Conference
|
| 650 |
|
4 |
|a Mezőgazdaság-tudományok
|
| 650 |
|
4 |
|a Állattenyésztési és tejtermelési tudomány
|
| 695 |
|
|
|a Tejtermelés - előadáskivonat, Fejés - előadáskivonat
|
| 700 |
0 |
1 |
|a Gráff Myrtill
|e aut
|
| 700 |
0 |
1 |
|a Süli Ágnes
|e aut
|
| 700 |
0 |
1 |
|a Szilágyi Szabina
|e aut
|
| 700 |
0 |
1 |
|a Tóth Zsanett
|e aut
|
| 700 |
0 |
1 |
|a Pinnyey Szilárd
|e aut
|
| 711 |
|
|
|a Wellmann International Scientific Conference (16.)
|c Hódmezővásárhely
|d 2018
|
| 856 |
4 |
0 |
|u http://acta.bibl.u-szeged.hu/73014/1/wellmann_abstracts_2018_068.pdf
|z Dokumentum-elérés
|